• 首页
  • 本馆介绍
  • 公告通知
  • 最新文献
  • 馆藏检索
  • 电子资源
  • 读者导购
  • 参考咨询
  • 我的图书馆
  • 登录
  • 详细信息显示
  • 放入我的书架
  • 预约/预借图书
  • 作者相关作品
  • 分类相关作品
  • 丛书相关作品
  • 出版社相关作品

书目信息

  • 表格格式
  • 工作单格式
  • 卡片格式
题名:
恐龙世界
    
 
作者: 马兰主编
分册:  
出版信息: 天津   天津人民出版社  2015
页数: 417页
开本: 25cm
丛书名: 悦读坊
单 册:
中图分类: Q915.864-49
科图分类:
主题词: 恐龙--普及读物
电子资源:
ISBN: 978-7-201-09104-4
000 01031nam0 2200277 450
001 404
001 01CN11142933@CSLN
005 20160905100735.28
010    @a978-7-201-09104-4@dCNY59.80
096    @aQ915@bml
100    @a20151031d2015 em y0chiy50 ea
101 0  @achi
102    @aCN@b120000
105    @aa z 000yy
200 1  @a恐龙世界@9kong long shi jie@b专著@e科学探索恐龙世界的无穷奥秘@e耀世典藏版@f马兰主编
210    @a天津@c天津人民出版社@d2015
215    @a417页@c图@d25cm
225 2  @a悦读坊@f刘光远主编
330    @a本书依据当今世界最权威的恐龙分类法,将甄选出的所有恐龙大致按时间顺序排列,并结合深入浅出的文字,深度揭秘恐龙的生存法则和自然智慧。主要内容包括:生命的起源、动物的进化、历史的印证、化石的形成等。
461  0 @12001 @a悦读坊
517 1  @a科学探索恐龙世界的无穷奥秘@9ke xue tan suo kong long shi jie de wu qiong ao mi
606 0  @a恐龙@j普及读物
690    @aQ915.864-49@v5
701    @a@a马兰@9ma lan@4主编
801  0 @aCN@b唐山师范学院图书馆@c20160722
905    @aZUCC@dQ915.864-49@e24
    
    恐龙世界:科学探索恐龙世界的无穷奥秘:耀世典藏版/马兰主编.-天津:天津人民出版社,2015
    417页:图;25cm.-(悦读坊/刘光远主编)
    
    
    ISBN 978-7-201-09104-4:CNY59.80
    本书依据当今世界最权威的恐龙分类法,将甄选出的所有恐龙大致按时间顺序排列,并结合深入浅出的文字,深度揭秘恐龙的生存法则和自然智慧。主要内容包括:生命的起源、动物的进化、历史的印证、化石的形成等。
●
相关链接 在E读中查询图书 在五车中查询图书 在当当中查询图书 在豆瓣中查询图书


正题名:恐龙世界     索取号:Q915.864-49/24         预约/预借

序号 登录号 条形码 馆藏地/架位号 状态 备注
1 901696   209016964   第二样本阅览室/ [索取号:Q915.864-49/24] 在馆    
2 901697   209016973   第三借阅区/ [索取号:Q915.864-49/24] 在馆    
3 901698   209016982   第三借阅区/ [索取号:Q915.864-49/24] 在馆    
4 901699   209016991   第三借阅区/ [索取号:Q915.864-49/24] 在馆    
5 901700   209017008   第三借阅区/ [索取号:Q915.864-49/24] 在馆    
欢迎您!
大连网信软件有限公司© 版权所有